000 00861nam a22002297a 4500
005 20240530110553.0
008 160221s2012 ua a g b 000 0 ara d
017 _a2012/3228
_bمصر . دار الكتب المصرية
020 _a9772328666
040 _aEG-CaGPL
082 0 4 _221
_a658.401\
_bر إ
100 0 _aرضا ابراهيم المليجى .
245 1 0 _aادارة التميز المؤسسى :
_bبين النظرية و التطبيق /
_cتاليف رضا ابراهيم المليجى .
250 _aط1.
260 _aالقاهرة :
_bعالم الكتب ،
_c2012 .
300 _a387 ص ؛
_c24 سم .
504 _aببليوجرافية : ص 365 - 383
650 0 4 _aادارة التميز .
650 0 4 _aالمؤسسات
_xتنظيم و ادارة .
942 _2ddc
_cBK
999 _c62499
_d62499